000 00722cab a2200253 4500
001 WB3504-45
008 090401t1999 xxu||||| |||| 00| 0 eng d
035 _a(Sirsi) u90976
041 _aeng
245 _a14% of businesses forecast to disappear in five years
260 _c1999
350 _a0
490 _aScotsman
_v28 January 1999, 28 & 29 January 1999, 1 (2)
520 _aA TSB bank survey shows that Scottish farmers anticipate 14% of farming businesses to disappear over the next five years.
650 _aDECLINE
650 _aFARMING
650 _aFORECASTS
650 _aSCOTLAND
650 _aSURVEY
650 _aTSB BANK
690 _aRURAL PRACTICE
942 _n0
948 _c28/01/1999
999 _c57721
_d57721